Zpracování exhalací a odpadů /

Main Author: Hoffman, Pavel, 1942-
Other Authors: Novák, Václav, 1929-
Language: Czech
Published: Praha : Vydavatelství ČVUT, 2002
Edition: Vyd. 2.
Physical Description: iii, 124 s. : il. ; 29 cm
Book
Saved in:
LEADER 01364nam a2200349 a 4500
001 000582342
003 CZ BrMZK
005 20211126102349.0
007 ta
008 020103s2002 xr e p cze d
015 |a cnb000890976 
020 |a 80-01-02439-3 
040 |a BOA001  |b cze 
072 7 |a 628  |x Sanitární technika. Vodárenství. Odpadové hospodářství. Světelná technika  |2 Konspekt  |9 19 
072 7 |a 37.016  |x Učební osnovy. Vyučovací předměty. Učebnice  |2 Konspekt  |9 22 
080 |a 628.51/.53  |2 MRF 
080 |a 628.31/.35  |2 MRF 
080 |a (075.8)  |2 MRF 
100 1 |a Hoffman, Pavel,  |d 1942-  |7 ntka172582  |4 aut 
245 1 0 |a Zpracování exhalací a odpadů /  |c Pavel Hoffman, Václav Novák 
250 |a Vyd. 2. 
260 |a Praha :  |b Vydavatelství ČVUT,  |c 2002 
300 |a iii, 124 s. :  |b il. ;  |c 29 cm 
504 |a Obsahuje bibliografii 
650 0 7 |a snižování emisí  |7 ph135526  |2 czenas 
650 0 7 |a čištění odpadních vod  |7 ph128183  |2 czenas 
655 7 |a učebnice vysokých škol  |7 fd133772  |2 czenas 
700 1 |a Novák, Václav,  |d 1929-  |7 ntka173583  |4 aut 
910 |a BOA001  |b 3-1097.053 
990 |a BK 
996 6 |b 2610150044  |c 3-1097.053  |l MZK  |r Sklad / do 1 hodiny  |n 2  |p p.v.  |w 000582342  |u 000010  |a 1  |e BOA001  |j MZK50  |s P 
996 7 |b 2610155661  |c 3-1097.053  |l MZK  |r Sklad / do 1 hodiny  |n 9  |p kup  |w 000582342  |u 000020  |a 1  |e BOA001  |j MZK50  |s A